[Event "FIDE-Wch k.o."]
[Site "Tripoli"]
[Date "2004.06.20"]
[Round "1.2"]
[White "Delchev, Aleksander"]
[Black "Galkin, Alexander"]
[Result "1-0"]
[WhiteElo "2602"]
[BlackElo "2602"]
[Annotator "Mikhalevski,Victor"]
[PlyCount "79"]
[EventDate "2004.06.19"]
[EventType "k.o."]
[EventRounds "7"]
[EventCountry "LBY"]
[SourceTitle "CBM 102"]
[Source "ChessBase"]
[SourceDate "2004.09.23"]
[SourceVersion "1"]
[SourceVersionDate "2004.09.23"]
[SourceQuality "1"]

1. d4 d5 2. c4 e6 3. Nf3 c6 4. Qc2 Nf6 5. Bg5 h6 6. Bh4 dxc4 7. Qxc4 b5 8. Qc2 Bb7 9. e3 Nbd7 10. Nbd2 Rc8 {Black wants to prepare c5 without playing a6.} ({Other options are} 10... a6 11. a4 Rc8 12. Be2 (12. axb5 cxb5 13. Qb3 Bd5 14. Qd1 Qb6 15. Bd3 Bb4 {and Black solved opening problems. ½-½ Ostenstad,B-Gausel,E/Roros NOR 2002/The Week in Chess 401 (22). (22)}) 12... c5 13. d5 Bxd5 14. axb5 axb5 15. Bxb5 Be7 16. Ne5 {0-1 Gamback,B-Shumiakina,T/Gausdal NOR 2003/The Week in Chess 428 (104)} (16. e4 $142 $1 Bc6 17. Bxc6 Rxc6 18. Nc4 O-O 19. O-O {with a clear positional advantage for White.})) ({and} 10... Qb6 $146 11. Be2 Rc8 12. Qb3 a5 $1 13. a3 Be7 14. O-O O-O 15. Ne5 a4 $1 16. Qd3 Nxe5 17. dxe5 Rcd8 $1 {and Black obtained a good play in Psakhis-Pavasovic, Pula zt 2000. CBM77[Psakhis]}) 11. Be2 ({White also tried} 11. Qb3 Qa5 12. Bxf6 gxf6 13. Be2 Rg8 14. O-O a6 15. a4 b4 16. Rfc1 {½-½ Gustafsson,J-Varga,Z/Charleville 2000/CBM 79 ext (16).}) 11... Be7 ({Immediate} 11... c5 $2 {leads to an easy advantage for White after} 12. Bxf6 gxf6 13. d5 $1 Bxd5 14. Bxb5 Bd6 15. e4 Bc6 16. Nc4 $1 $16 {1-0 Ibragimov-Filippov, RUS-ch Elista 1996/CBM56 [Tsesarsky].}) 12. O-O c5 {Galkin already tested this move earlier and didn't have problems to equalize. See below.} 13. d5 $5 $146 {Probably this novelty was prepared by Delchev at home. White's idea is to create hanging pawns on c5 and d5 and then to attack them. The arising position is typical for the Tartakower system of the Queen's gambit declined.} ({Earlier White tried two other options, but couldn't get a shadow of advantage.} 13. dxc5 Rxc5 14. Qb1 Qb6 15. b4 Rc8 16. a4 bxa4 17. Rxa4 Nd5 18. Nc4 Rxc4 19. Bxc4 Nc3 20. Qb3 Nxa4 21. Bxe7 Kxe7 22. Qxa4 Bxf3 23. gxf3 Rc8 24. Be2 Nf6 25. Ra1 Rc7 $11 {½-½ Simic,R-Kosic,D/Becici 1993/EXT 2000 (30). (30)}) (13. Bxf6 Bxf6 14. Ne4 Bxe4 15. Qxe4 Qb6 16. dxc5 {½-½ Izoria,Z-Galkin,A/Ohrid 2001/CBM 84 (16)}) 13... exd5 14. Bxb5 O-O 15. Rfd1 {Unusual for the Queen's gambit position of the queen knight on d2 has certain advantages. For example Black's typical break in the centre by means of d4 doesn't work as the f3-knight is protected by other knight.} Re8 $146 {Black prepares Qb6, but the move looks a little bit artificially. I don't like the pin along the a4-e8 diagonal, although the position remains playable.} (15... a6 {dpesn't help to unpin the pieces as the bishop comes from the other side.} 16. Bd3 {[%cal Gd3f5]}) (15... c4 $5 {[%cal Ga7a6,Gd7b6] trying to expoit an "advanced" position of the light-squared bishop on b5 deserved attention. This move would underline a drawback of the d2-knight comparing to c3, namely lack of pressure on the black centre.}) ({RR} 15... a6 16. Bd3 Nh5 17. Bxe7 Qxe7 18. Bh7+ Kh8 19. Bf5 Nhf6 20. Qa4 g6 21. Bh3 Rfd8 22. Rac1 Kh7 23. Rc2 Rc7 24. Qa5 Rc6 25. Rdc1 Rdc8 26. Qa3 Qd6 27. Nb3 R6c7 28. Na5 Ba8 29. Rd1 Qe7 30. Nb3 {Hole,O (2336)-Leer Salvesen,B (2374) Sandnes 2005 1-0 (47)}) 16. Rac1 Qb6 17. Qa4 Bc6 $6 {I believe this move is the source of further problems. Black exchanges a number of pieces and the pawns become vulnerable.} ({Black had to unpin the d7-knight by means of} 17... Red8 $5 {allowing a beautiful tactical blow. However it turns out to be not dangerous for Black, to say the least.} 18. b4 $6 ({Although} 18. Bxd7 {doesn't promise much it should be preffered over 18.b4.} Rxd7 19. Bxf6 Bc6 $1 20. Qc2 Bxf6 21. Qxc5 Qxb2 22. Rc2 Bb7 23. Qxc8+ Bxc8 24. Rxb2 Bxb2 {[%csl Gb2,Gc8,Rd5] and a pair of bishops should be able to compensates weakness of the d5-pawn.}) 18... c4 $1 19. Bxd7 Rxd7 20. Nxc4 $1 (20. Bxf6 Bc6 $1) 20... Rxc4 21. Rxc4 dxc4 22. Rxd7 Nxd7 23. Bxe7 Qg6 $1 $36 {and Black develops an unpleasant intiative.}) 18. Bxc6 Qxc6 19. Qxc6 Rxc6 20. Nb1 $1 {The knight goes to c3 in order to attack the centre.} Rb8 21. b3 c4 {Black gives up the d4-square and gets nothing in return. However it wasn't easy to create any counterplay.} 22. Nd4 Rc5 23. Nc3 $14 {White knights occupied the best squares.} Rbc8 $2 {This is already a serious mistake. After allowing b4 the pawns on c4 and d5 are becoming real weaknesses. Moreover Black faces a concrete problem.} 24. b4 R5c7 25. Ncb5 $1 $16 {Suddenly it turns out that Black loses an exchange.} Bxb4 ({Or} 25... Rb7 26. Nf5 $1 Bxb4 27. Nbd6 Bxd6 28. Nxd6 $16 {[%csl Rb7,Rc8] and White should be able to convert his material advantage into a win.}) 26. Nxc7 Rxc7 27. Rb1 a5 28. f3 $5 {White covers the e4-square.} ({There was also a concrete approach.} 28. a3 Bc5 29. Bxf6 Nxf6 30. Rb8+ Kh7 31. Nb5 Rc6 32. Kf1 $16) 28... Rc8 29. Nc2 Bc3 30. Kf1 a4 31. Rb5 {[%cal Gd1b1] Devchev improves the position step by step.} Re8 32. Rdb1 Kh7 33. Bxf6 $1 {White prepares a decisive manoeuvre.} Nxf6 34. Rb8 {An exchange of rooks finishes the game. So Black tried} Re5 (34... Re6 $5) 35. R1b7 $18 (35. Ra8 $5 {was also possible winning the a-pawn.}) 35... Bd2 36. Kf2 c3 37. Rd8 $1 {A clever decision. Devchev avoids any complications which could arise in case of} (37. Rxf7 Bxe3+ $1 38. Nxe3 d4 39. Ng4 Nxg4+ 40. fxg4 c2 $1 41. Rc8 d3 42. Rcc7 Kh8 43. Rfd7 Re2+ {and White would have to play a rook endgame.}) 37... Kg6 38. Ke2 h5 39. g3 Re6 40. Kd3 {and Black resigned as he can't save either a or f-pawn. The game is a good positional achivement of Aleksander Delchev.} (40. Kd3 {[%csl Ra4,Rf7][%cal Gd8a8,Gd8f8]} Ra6 (40... Re5 41. Ra8 Rf5 42. Ke2) 41. Rf8) 1-0

[Event "Tata Steel-A 75th"]
[Site "Wijk aan Zee"]
[Date "2013.01.19"]
[Round "7"]
[White "Wang, Hao"]
[Black "Nakamura, Hikaru"]
[Result "0-1"]
[WhiteElo "2752"]
[BlackElo "2769"]
[Annotator "Krasenkow,Michal"]
[PlyCount "76"]
[EventDate "2013.01.12"]
[EventType "tourn"]
[EventRounds "13"]
[EventCountry "NED"]
[EventCategory "20"]
[SourceTitle "CBM 153"]
[Source "ChessBase"]
[SourceDate "2013.03.14"]
[SourceVersion "1"]
[SourceVersionDate "2013.03.14"]
[SourceQuality "1"]

1. d4 d5 2. c4 e6 3. Nf3 c6 4. Qc2 dxc4 5. Qxc4 Nf6 6. Bg5 b5 7. Qc2 Bb7 8. e4 Nbd7 9. Nbd2 Qb6 10. a4 a6 (10... Bb4 {, developing another piece, is probably more logical. The whole system was examined in my survey in CBM 150:} 11. Bd3 (11. Be2 h6 12. Bxf6 Nxf6 13. O-O Bxd2 $5 14. Nxd2 (14. Qxd2 Nxe4 15. Qe3 Nf6 $13) 14... Qxd4 15. Nb3 Qxe4 {1/2 Marin,M (2604)-Fressinet,L (2581)/Bucharest 2001/CBM 150/[Krasenkow,Michal]} (15... Qxe4 16. Qxe4 Nxe4 17. Na5 Rb8 18. axb5 cxb5 19. Bxb5+ Ke7 20. Bc6 Ba8 $13)) 11... h6 12. Bxf6 Nxf6 13. O-O Nd7 14. Nb3 bxa4 15. Rxa4 a5 (15... O-O 16. Rc1 c5 $11 {0-1 Kuzmin,A (2587)-Kharlov,A (2616)/Dubai 2000/EXT 2001 (46)}) 16. Rc1 O-O 17. Bf1 Rfc8 18. Nc5 Nxc5 19. dxc5 Qa7 20. Ne5 Ba6 21. Bxa6 Qxa6 22. Nd3 {1/2 Mchedlishvili,M (2560)-Tregubov,P (2632)/Istanbul 2003/CBM 096}) 11. axb5 $6 {Hardly a good move, opening up the diagonal for Black's bishop.} (11. Bd3 Rc8 (11... c5 $5) 12. O-O (12. Qb3 $1) 12... c5 13. Bxf6 gxf6 14. d5 c4 15. Be2 {0-1 Zakhartsov,V (2486)-Popov,V (2557)/Korolev 2000/EXT 2002 (53)} Bd6 $132) (11. Be2 $142 Bb4 $5 (11... c5 12. axb5 axb5 13. Rxa8+ Bxa8 14. O-O Bb7 15. Rc1 h6 16. Be3 Ng4 17. dxc5 Nxe3 18. cxb6 Nxc2 19. Rxc2 $16 {1-0 Krasenkow,M (2661)-Markowski,T (2531)/Plock 2000/CBM 078/[Huzman] (55)}) 12. O-O O-O {[%cal Yc6c5]} 13. Bxf6 gxf6 14. e5 $5) 11... cxb5 (11... axb5 $6 12. Rxa8+ Bxa8 13. Be2 h6 (13... Bb4 $5) 14. Bxf6 gxf6 15. O-O Be7 16. Qc3 O-O $6 17. b4 $16 {1-0 Dyachkov,S (2545)-Arzumanian,G (2455)/Serpukhov 2003/EXT 2004 (30)}) 12. Bd3 Rc8 13. Qb1 (13. Qb3 $6 e5 14. Nxe5 Nxe5 15. dxe5 Ng4 16. O-O Bc5) 13... h6 (13... e5 14. d5) 14. Be3 Ng4 15. O-O $146 (15. Bf4 e5 $1) (15. e5 $5) ({RR} 15. e5 Bb4 16. O-O O-O 17. Ne4 f5 18. exf6 Ndxf6 19. Ne5 Nxe4 20. Bxe4 Nxe5 21. dxe5 Bc5 22. Bxb7 Qxb7 23. Qg6 Qf7 24. Qxf7+ Rxf7 25. Rxa6 Bxe3 26. fxe3 Rxf1+ 27. Kxf1 Kf7 28. Rd6 Rc2 29. b4 Rb2 {Xiu,D (2571)-Ding,L (2717) Xinghua 2014 ½-½ (35)}) 15... Nxe3 16. fxe3 e5 $1 {Black has obtained an excellent position. His bishop pair is quite formidable.} 17. Nb3 Bb4 18. Qa2 {This flank action just worsens White's position.} (18. Qd1 $142) 18... O-O 19. Na5 Ba8 (19... Bxa5 20. Qxa5 Qxa5 21. Rxa5 f5 {is not dangerous here due to} 22. Nd2) 20. Kh1 (20. Nb3 a5 $1 21. Nxa5 exd4 22. exd4 Ne5 $1 23. Nxe5 Qxd4+ 24. Kh1 Qxe5 $19) 20... Bxa5 21. Qxa5 Qxa5 22. Rxa5 f5 $1 {Now this action is appropriate.} 23. Rxa6 (23. Nd2 $2 {doesn't work now due to the weakness of the back rank after} fxe4) 23... fxe4 24. Rxa8 $8 Rxa8 25. Bxe4 Rad8 26. Ra1 exd4 27. exd4 Nb6 28. Ra5 $4 {[%mdl 8192] A final blunder. It was possible to continue resistance by means of} (28. h3) 28... Rxd4 $19 29. Bc2 Rb4 30. Bd3 Ra8 31. Rxb5 Ra1+ 32. Ng1 Rxb5 33. Bxb5 Rb1 34. h3 Rxb2 35. Bc6 Kf7 36. Nf3 Kf6 37. Kh2 Nc4 38. Kg3 Ne3 0-1

[Event "WchT 2nd"]
[Site "Luzern"]
[Date "1989.??.??"]
[Round "4.1"]
[White "Kortschnoj, Viktor Lvovich"]
[Black "Beliavsky, Alexander G"]
[Result "1/2-1/2"]
[WhiteElo "2655"]
[BlackElo "2620"]
[Annotator "Ftacnik,Lubomir"]
[PlyCount "73"]
[EventDate "1989.10.27"]
[EventType "team-tourn"]
[EventRounds "9"]
[EventCountry "SUI"]
[SourceTitle "CBM 016"]
[Source "ChessBase"]
[SourceDate "1990.06.01"]
[SourceVersion "1"]
[SourceVersionDate "1990.06.01"]
[SourceQuality "1"]
[WhiteTeam "Switzerland"]
[BlackTeam "Soviet Union"]
[WhiteTeamCountry "SUI"]
[BlackTeamCountry "URS"]

1. d4 Nf6 2. Nf3 d5 3. c4 e6 4. Bg5 Be7 5. e3 O-O 6. Nbd2 Nbd7 7. Rc1 (7. Bd3 c5 8. O-O cxd4 9. exd4 b6 10. Qe2 Bb7 11. cxd5 Nxd5 12. Qe4 g6 13. Qh4 Bxg5 14. Nxg5 N7f6 15. Qh6 Re8 16. Ndf3 Re7 17. Ne5 Qf8 $15 {Georgadze,G-Beljavskij,A/USR-ch Odessa/0-1/64/}) 7... h6 ({RR} 7... c5 8. cxd5 Nxd5 9. Bxe7 Qxe7 10. Ne4 cxd4 11. Qxd4 N7f6 12. Bd3 Rd8 13. O-O Bd7 14. Ne5 Be8 15. Qc5 Qxc5 16. Nxc5 Nb4 17. Bb1 b6 18. Nb3 Bb5 19. Rfe1 Nd7 20. Nc4 Ba4 21. Nd4 Nc5 22. Rc3 {Hebden,M (2570)-San Segundo Carrillo,P (2520) Linares 1995 ½-½ (62)}) ({RR} 7... c5 8. dxc5 Nxc5 9. a3 dxc4 10. Bxc4 Nd3+ 11. Bxd3 Qxd3 12. Qc2 Qb5 13. Nc4 Bd7 14. O-O Rac8 15. Nfe5 Bc6 16. Qe2 Qd5 17. f3 Bb5 18. Bf4 Nh5 19. Rfd1 Nxf4 20. exf4 Qc5+ 21. Kh1 f6 22. Nd7 {Ushenina,A (2418)-Moerwald,M (2004) Monaco MNC 2025 1-0 (41)}) 8. Bxf6 $146 (8. Bh4 c5 9. cxd5 Nxd5 10. Bxe7 Qxe7 11. e4 N5b6 $13) ({RR} 8. Bh4 c5 9. cxd5 Nxd5 10. Bxe7 Qxe7 11. e4 N5b6 12. dxc5 Nxc5 13. Qc2 Na6 14. Bxa6 bxa6 15. O-O Bd7 16. b3 Bb5 17. Rfe1 Rfc8 18. Qb2 Qb7 19. h3 a5 20. a4 Be8 21. Qe5 Qa6 22. Nd4 Nd7 {Romanishin,O (2560)-Csom,I (2505) Yerevan 1986 1-0 (39)}) ({RR} 8. Bh4 b6 9. cxd5 exd5 10. Bb5 Bb7 11. Bc6 Bxc6 12. Rxc6 Rc8 13. Qa4 a5 14. O-O Nb8 15. Rc2 c5 16. dxc5 Bxc5 17. Rfc1 Qd7 18. Qxd7 Nbxd7 19. Bxf6 Nxf6 20. Nb3 Ne4 21. Nfd2 a4 22. Nxc5 Rxc5 {Balogh,T (2337)-Federic,P (2257) Slovakia 2007 1-0 (52)}) 8... Nxf6 $6 (8... Bxf6 9. Bd3 c6 $22 10. O-O e5) 9. c5 $1 Qe8 10. Bd3 Bd7 11. Qc2 Bb5 12. O-O Bxd3 13. Qxd3 c6 14. Qc2 Nd7 15. g3 (15. Rfe1 f5 16. Ne5 Nxe5 17. dxe5 f4 $132) 15... Qb8 16. e4 dxe4 (16... Rc8 $5) 17. Qxe4 Nf6 18. Qe2 Qd8 (18... b6 $5) 19. Nc4 Qd5 20. Rfe1 Rfd8 21. h3 Nd7 22. b4 b5 23. Ne3 (23. Na5 $5 Rac8 24. Rcd1 Bf6 25. Ne5 $36) 23... Qh5 24. Kg2 Bf6 25. Qc2 a5 26. g4 Qg6 27. Qxg6 fxg6 28. Nc2 Kf7 29. Re4 g5 $1 30. Rce1 Nf8 31. Kf1 axb4 32. Nxb4 Rdc8 33. R1e3 Rc7 34. Ne5+ Bxe5 35. Rxe5 Rd8 36. R5e4 Ng6 37. Ra3 {Ftacnik} 1/2-1/2

[Event "Moscow Aeroflot op-A"]
[Site "Moscow"]
[Date "2005.02.21"]
[Round "7"]
[White "Bu, Xiangzhi"]
[Black "Tregubov, Pavel V"]
[Result "1/2-1/2"]
[WhiteElo "2607"]
[BlackElo "2629"]
[Annotator "Mikhalevski,Victor"]
[PlyCount "69"]
[EventDate "2005.02.15"]
[EventType "swiss"]
[EventRounds "9"]
[EventCountry "RUS"]
[SourceTitle "CBM 106"]
[Source "ChessBase"]
[SourceDate "2005.06.06"]
[SourceVersion "1"]
[SourceVersionDate "2005.06.06"]
[SourceQuality "1"]

1. c4 {Mikhalevski,Victor} e6 2. d4 d5 3. Nf3 c6 4. Qc2 dxc4 5. Qxc4 Nf6 6. Bg5 b5 7. Qc2 Bb7 8. Nbd2 (8. e4 $5) 8... Nbd7 9. e3 ({And again} 9. e4 $5 {is worth trying.}) 9... Qb6 {[%cal Gc6c5]} 10. a4 $1 {The play is concentrated around the c5-advance.} Bb4 ({RR} 10... a6) 11. Bd3 {In according to Roiz Black has no problems after this move.} ({He recommends} 11. Be2 O-O 12. O-O Rfc8 13. Rfc1 $1 (13. Qb3 $6 a5 14. Bxf6 Nxf6 15. Rfc1 Ba6 16. Qd1 c5 $11 {Collas,D-Tregubov,P, Degremont 2004/CBM100[Roiz]}) 13... a5 14. Bxf6 Nxf6 15. Nb3 $14 {Roiz}) ({RR} 11. Be2 O-O) 11... h6 $6 {Black wastes an important tempo.} ({As it was correctly indicated by Roiz Black equalizes by means of} 11... O-O 12. O-O Rfc8 (12... h6 13. Bxf6 Nxf6 14. Nb3 $14) ({RR} 12... Rac8) 13. Bxf6 Nxf6 14. Ne4 Nd7 $1 $11 (14... Nxe4 $6 15. Bxe4 g6 16. Ne5 $14) ({RR} 14... Nxe4 15. Bxe4)) ({RR} 11... O-O 12. O-O Rfc8 13. Bxf6 Nxf6 14. Ne4 Nd7 15. a5 Qa6 ({RR} 15... Bxa5 16. Nd6 ({RR} 16. Nc5) 16... Rc7 17. Bxh7+ Kf8 18. Be4)) 12. Bxf6 Nxf6 13. O-O $146 ({RR} 13. Ne5 a5 ({RR} 13... O-O 14. O-O) 14. O-O bxa4 ({RR} 14... O-O 15. Ne4 Rfd8 16. Rfc1 ({RR} 16. Nc5) 16... Nxe4 17. Bxe4 Rac8 18. Nd3) 15. Ne4 Ba6 ({RR} 15... Nxe4 16. Bxe4 Rc8 ({RR} 16... O-O 17. Nd7) 17. Qxa4) 16. Bxa6 Rxa6 17. Rfc1 Nxe4 18. Qxe4 Qb5 ({RR} 18... Bd6 19. Rxc6 Qb7 20. Qc2 O-O 21. Rxa6 Qxa6 22. Nc4) 19. Rxc6 ({RR} 19. Nxc6 O-O 20. Qc2 Bd6 21. Rxa4) 19... Rxc6 ({RR} 19... O-O) 20. Qxc6+ Qxc6 21. Nxc6 Kd7 22. Nxb4 axb4 23. Rxa4 Rc8 ({RR} 23... Rb8 24. Ra7+ Kc6 ({RR} 24... Ke8 25. g4) 25. Rxf7 Kd5 ({RR} 25... Ra8 26. g4 Ra2 27. Rxg7 Rxb2) 26. Rxg7 ({RR} 26. b3 Ke4 27. Rxg7 Kd3 28. Rc7 Ra8 29. h4 Ra3) 26... Kc4 27. Rh7 Kb3 28. Rxh6 Kxb2 29. Rxe6 Kc3) 24. g3 ({RR} 24. g4) 24... Rb8 25. Ra7+ Ke8 ({RR} 25... Kc6 26. Rxf7 Kd5 27. b3 ({RR} 27. Rxg7 Kc4) 27... Ke4 28. Rxg7 Kd3 29. Rc7 Ra8 30. Rc4) 26. b3 Rb5 27. Kg2 g5 {Bu,X (2637)-Zhou,W (2416) Beijing 2005 CBM 110 [Mikhalevski,Victor] 1-0}) 13... Nd7 {[%csl Gc5]} ({Now} 13... O-O {would transpose to the above-mentioned line after} 14. Nb3 $14) 14. Nb3 $6 {White doesn't take his chance.} (14. Rfc1 $1 {would be much more unpleasant for Black.} O-O $2 (14... a6 $142 $1 {is necessary} 15. Nb3 $14) 15. axb5 cxb5 16. Qc7 $1 Nf6 17. Qxb6 axb6 18. Bxb5 $16) ({RR} 14. Rfc1 a6 15. Nb3) 14... bxa4 $1 15. Rxa4 O-O 16. Rc1 $6 {It seems that White prevents to advance the c-pawn, but in fact this is an illusion.} (16. Rfa1 $1 {[%cal Gb3a5,Gf3d2,Gd2c4] would be a better chance to fight for advantage.} c5 17. Nfd2 {[%cal Gd2c4]} Bd5 (17... cxd4 $6 {is dangerous in view of} 18. Nc4 Qc6 19. f3 {[%csl Rb4,Rd4]}) 18. Ra6 Qb7 19. dxc5 {[%cal Gc5c6]} Rfc8 20. Ne4 Bxb3 21. Qxb3 Nxc5 22. Nxc5 Rxc5 23. Be2 $1 {[%cal Ge2f3]} Rg5 24. g3 $14 {[%csl Rb4][%cal Ge2f1,Gf1g2]}) 16... a5 $6 {Now Black misses a chance to equalize.} ({He could play} 16... c5 $1 {despite White's last move.} 17. dxc5 Bxc5 $1 18. Nxc5 $6 (18. Ra5 $142 Bxf3 19. gxf3 (19. Rb5 Qd8 20. Nxc5 Qg5 21. g3 Rac8 {and Black is fine.}) 19... Be7 $11) 18... Nxc5 19. Qxc5 $2 Rfc8 $17 {[%csl Rc1]}) 17. Nfd2 $1 {[%csl Ra5,Rc5][%cal Gd2c4,Gd2e4] A nice square for the knight. From here it can go to both c4 and e4 either attacking the queen and the a5-pawn or coming to a weak c5-square.} Ba6 18. Bxa6 (18. Nc4 $5 {deserved serious attention.} Bxc4 19. Qxc4 Rfc8 20. Nxa5 $1 Bxa5 $1 (20... c5 $2 {doesn't work:} 21. Nc6 $3 {This brilliant tactical blow brings White an advantage.} Qxc6 ({or} 21... Rxa4 22. Ne7+ Kf8 23. Nxc8 Qd8 24. Qb5 Ra5 25. Qb7 $16) 22. Rxb4) 21. b4 {[%csl Ra5]} Bxb4 22. Rxb4 $14 {[%csl Rc6] and White is slightly better thanks to weakness of the c6-pawn.} (22. Qxb4 $5)) 18... Rxa6 19. Ne4 {[%csl Rc5]} ({After} 19. Nc4 Qb5 20. Rca1 Rfa8 {[%cal Gd7b6] Black keeps the position.}) 19... Qb5 20. Ra2 (20. Nbc5 {doesn't set problems.} Nxc5 21. dxc5 Rd8 $11) 20... Rb8 21. Nbc5 (21. Nbd2 {would have been a last try to create some problems for Black, but frankly speaking I think that White has already missed his chances.}) 21... Bxc5 22. Nxc5 Nxc5 23. Qxc5 Qxc5 24. Rxc5 a4 25. Kf1 ({White has no time for} 25. Rc4 {with the idea to bring the king to c2 in view of} a3 $1 {[%csl Rg1]}) 25... Rb4 $1 $11 {Black prevents Rc4 and keeps the position. The rest doesn't require comments.} 26. Ke2 Rab6 27. Rc2 Kf8 28. Kd2 Ke7 29. Kc1 Kd6 30. Ra3 f5 31. Rac3 g5 32. Rc5 Ra6 33. R5c3 h5 34. h3 Rb5 35. Rc4 1/2-1/2

[Event "Capablanca Memorial Elite 53rd"]
[Site "Havana"]
[Date "2018.05.13"]
[Round "5"]
[White "Dreev, Alexey"]
[Black "Anton Guijarro, David"]
[Result "1-0"]
[WhiteElo "2653"]
[BlackElo "2646"]
[Annotator "Golubev,Mikhail"]
[PlyCount "67"]
[EventDate "2018.05.09"]
[EventType "tourn"]
[EventRounds "10"]
[EventCountry "CUB"]
[EventCategory "16"]
[SourceTitle "CBM 185"]
[Source "ChessBase"]
[SourceDate "2018.07.13"]
[SourceVersion "1"]
[SourceVersionDate "2018.07.13"]
[SourceQuality "1"]

1. d4 {Aronian,Levon} Nf6 2. Nf3 d5 3. c4 e6 4. Bg5 h6 5. Bxf6 Qxf6 6. Nbd2 $5 {A move popularised more than 10 years ago by Nikolic and Aronian.} Qd8 $5 {This is already a rare position.} ({RR} 6... Nd7 7. Rc1 c6 8. a3 g5 9. h3 ({RR} 9. e3 Bg7) ({RR} 9. e4 g4 10. e5 Qd8 ({RR} 10... Qf5 11. Ng1 ({RR} 11. Nh4 Qf4 12. Nb3 Be7) 11... c5 12. cxd5 cxd4 13. dxe6 Qxe5+ 14. Qe2 fxe6) 11. Ng1 Qb6 12. Nb3 a5 ({RR} 12... c5 13. Bd3 cxd4 14. f4) 13. c5 Qd8 14. Nd2 Rg8) 9... h5 10. cxd5 ({RR} 10. e4 g4 11. e5 Qg7) 10... exd5 11. e4 g4 12. e5 Qg7 13. Nh4 Qg5 14. g3 f6 15. e6 Nb6 16. Rc3 ({RR} 16. Bd3 Bxe6 17. Ng6 Rg8) 16... Bxe6 17. Re3 Kd7 ({RR} 17... Qg8 18. Ng6 Bh6 ({RR} 18... Qxg6 19. Bd3 f5 20. hxg4) 19. Nxh8 Bxe3 20. fxe3 Qxh8 21. hxg4 Qg7 22. g5) 18. Bd3 Re8 ({RR} 18... Nc4 19. Bxc4 dxc4 20. Ne4 Qa5+ 21. Kf1) ({RR} 18... Bd6 19. Rxe6 Kxe6 20. Nf5 Kd7) 19. Ng6 Rg8 ({RR} 19... Nc4 20. h4 Qh6 ({RR} 20... Nxe3 21. Qb3 Qh6 22. Qxb7+ Kd6 23. Nxh8) 21. Nxc4 dxc4 22. d5) 20. Nf4 Bh6 ({RR} 20... Bf7 21. Rxe8 Kxe8 22. hxg4 Qxg4 23. Be2 Qd7 24. Bxh5 Bd6) 21. Bh7 {Aronian,L (2739)-Anand,V (2799) Nice 2008 CBM 123 Extra [Aronian,Levon] 1-0 (50)} {RR} Rg7 22. h4 Qxf4 23. gxf4 Rxh7 24. Nb3) 7. g3 g6 $146 ({RR} 7... Be7 8. Bg2 O-O 9. O-O Nd7 10. Rc1 c5 11. dxc5 Nxc5 12. b4 Ne4 13. Qb3 a5 14. a3 axb4 15. axb4 Qb6 16. c5 Nxd2 17. Nxd2 Qa6 18. e4 Qa2 19. Rfd1 Qxb3 20. Nxb3 Ra4 21. exd5 exd5 22. c6 {Nielsen,P (2649)-Kjartansson,G (2447) Koge 2013 ½-½ (45)}) ({RR} 7... b6 8. Bg2 Bb7 9. Ne5 Nd7 10. Nxd7 Qxd7 11. O-O Be7 12. Rc1 O-O 13. Qc2 Rac8 14. Rfd1 Rfd8 15. e3 c5 16. dxc5 bxc5 17. Nb3 Qa4 18. a3 Ba8 19. Nd2 Qxc2 20. Rxc2 Bf6 21. cxd5 exd5 22. Nb3 {Todorovic,B (2195)-Sydoryka,V (2294) chess.com INT 2023 0-1 (74)}) ({RR} 7... Be7 8. Bg2 O-O 9. O-O Nd7 10. e4 dxe4 11. Nxe4 Nf6 12. Nc3 c5 13. a3 cxd4 14. Qxd4 Qxd4 15. Nxd4 Rb8 16. b4 Rd8 17. Rfd1 e5 18. Ndb5 Rxd1+ 19. Rxd1 a6 20. Nc7 Bg4 21. Re1 Bd6 22. N7d5 {Navara,D (2715)-Karavade,E (2398) Pardubice 2013 1-0 (48)}) 8. Bg2 Bg7 9. O-O O-O 10. Qc2 Nd7 ({After} 10... b6 {the move} 11. e4 {can be unpleasanr}) 11. Rac1 c6 12. e4 $1 Qb6 $2 {This is too much!} ({Instead,} 12... dxe4 13. Nxe4 e5 {was probably critical and still playable for Black.}) 13. Rfd1 $5 ({Also an immediate} 13. e5 $5 {could have been quite good.}) 13... Rd8 14. e5 $1 $16 {White has an almost dominating position and Dreev who remains a classy player confidently converted his advantage in the remaining part of the game.} a5 15. h4 Nf8 16. Nf1 Bd7 17. Ne3 Be8 18. a3 Rac8 19. Qd2 h5 {Black prevents g4.} 20. Bh3 Bh6 21. Ng5 Ra8 22. Rc3 ({At this point White could have started a promising attack by} 22. g4 $5) 22... Nh7 23. f4 dxc4 24. Nxc4 Qa7 25. Ne4 c5 $6 26. Ncd6 cxd4 27. Rc7 $18 d3+ 28. Qf2 $1 Qxf2+ 29. Kxf2 Ra6 30. Nxe8 Rxe8 31. Nd6 Rb8 32. Nxf7 Bf8 33. Rxd3 Rb6 34. Nd8 $1 1-0